01931nam a2200361 a 4500001001200000003000800012006001900020007001500039008004100054010001700095015001900112016001800131020002800149020003100177040002100208035002100229043002100250050002600271082003100297100002400328245011700352260006100469300001100530504006800541505048600609533015201095650007101247651003701318651004201355655002901397710001701426856012601443ebr10211487CaPaEBRm u cr cn|||||||||060606s2006 enk sb 001 0 eng  z 2006018449 aGBA6746622bnb7 z0135417892Uk z0754640477 (alk. paper) z9780754640479 (alk. paper) aCaPaEBRcCaPaEBR a(OCoLC)320322829 ae-uk---aa-pk---14aDA125.S57bD46 2006eb04a305.23089/9141220428172221 aDin, Ikhlaq,d1968-14aThe new Britishh[electronic resource] :bthe impact of culture and community on young Pakistanis /cIkhlaq Din. aAldershot, England ;aBurlington, VT :bAshgate,cc2006. a164 p. aIncludes bibliographical references (p. [151]-159) and indexes.0 aThe context of the research -- Methods : conducting research on the Pakistani community -- The land of dreams -- From Manningham to Burnley to Oldham : what should we learn? -- The selection of school -- The experience of school -- Too many aspirations? -- The new British -- Boyzone and Bhangra : the place of popular and Pakistani culture -- The experience of parents and the Biraderi -- Institutionalised racism? : gangs and ethnic minorities -- Islam and the influence culture. aElectronic reproduction.bPalo Alto, Calif. :cebrary,d2013.nAvailable via World Wide Web.nAccess may be limited to ebrary affiliated libraries. 0aPakistaniszEnglandzBradford (West Yorkshire)xSocial conditions. 0aGreat BritainxEthnic relations. 0aPakistanxEmigration and immigration. 7aElectronic books.2local2 aebrary, Inc.40uhttp://site.ebrary.com/lib/rucke/Doc?id=10211487zAn electronic book accessible through the World Wide Web; click to view